Statistics for 2000's Rap Songs (Name that Artist)

Click here to take the quiz!

General Stats

  • This quiz has been taken 103 times
  • The average score is 4 of 10

Answer Stats

HintAnswer% Correct
Ms Jackson (2000)Outkast
96%
Many Men (2003)50 Cent
82%
Ether (2001)Nas
47%
How We Do (2005)The Game
42%
Live Your Life (2008)T.I.
40%
Hustlin' (2006)Rick Ross
30%
Gangsta Love (2009)Snoop Dogg
27%
Superstar (2007)Lupe Fiasco
21%
Why (2004)Jadakiss
15%
Rock Da Mic (2002)Beanie Sigel
6%

Score Distribution

Percentile by Number Answered

Percent of People with Each Score

Your Score History

You have not taken this quiz